000
00315nam a2200133Ia 4500
008
240624s9999 xx 000 0 und d
041
_a
eng
082
_a
828 MOD
100
_a
MODIANO PATRICK
245
_a
OCCUPATION TRILOGY
260
_c
2015
_a
London
_b
Bloomsbury
300
_a
336 : p. : cm. ; 24
365
_c
RS
999
_c
25848
_d
25848